000 00997nam a2200277Ia 4500
001 Para_10114
003 CHAP
008 220125sSept xx 000 0 und d
010 _a208806
040 _cCHAP
090 _aPA CD - TESIS 193
100 _aMeyer Flores, Joana
_975281
245 _aEfectividad biológica de Beauveria bassiana (Bals.) Vuill. sobre Hansenia pulverulenta Guer. (Hemíptera :
_b flátidae) /
_c Joana Meyer Flores; Director Samuel Ramírez Alarcón
260 _aChapingo, Méx. :
_b el autor
300 _a1 CDS ROM (66 p.)
502 _aTesis (Ing. Agr. Esp. en Parasitología Agrícola). UACh. Departamento Parasitología Agrícola
700 _aRamírez Alarcón, Samuel. Director
_9175070
710 _aUACh. Departamento Parasitología Agrícola
_9164025
901 _aPA CD - TESIS 193
902 _aM
905 _a513220Septiembre,2012 anm 8100000000 06
910 _aSept
942 _cPARA
942 _cPARA
_d2
999 _c208806
_d208806